Historická sídla Středočeského kraje

Titel: Historická sídla Středočeského kraje / Vratislav Košt'ál ; Renata Košt'álová. Foto: Vratislav Košt'ál
Teil: 6. Okolí Prahy / Vratislav Košťál, Renata Košťálová. Foto Vratislav Košťál
Beteiligt: ;
Ausgabe: Vyd. 1.
Veröffentlicht: Brno : Barrister & Principal, 2014
Umfang: 223 S. : zahlr. Ill., Kt.
Format: Buch
Sprache: Tschechisch
Schriftenreihe/
mehrbändiges Werk:
Historická sídla Středočeského kraje / Vratislav Košt'ál ; Renata Košt'álová. Foto: Vratislav Košt'ál ; 6
alle Bände anzeigen
Schlagworte:
ISBN: 9788074850332
Buchumschlag
X
Lokale Klassifikation: 23 9 D ; 23 8 P 351 ; 23 8 P 301
alg: 35498934
001A    $03004:16-02-15 
001B    $03025:07-03-24 $t10:43:59.000 
001C    $03004:16-02-15 $t13:56:57.000 
001D    $03004:16-02-15 
001U    $0utf8 
001X    $00 
002@    $0Afu 
003@    $0354989340 
003O    $0903487570 $aOCoLC 
004A    $A978-80-7485-033-2 
007A    $0354989340 $aHEB 
007G    $0DE020E4F4CC5B68F2EE2EC1257DF80032B934 
009P    $qapplication/pdf $A2 $3Inhaltsverzeichnis $uhttp://scans.hebis.de/HEBCGI/show.pl?35498934_toc.pdf $mV:DE-603;B:DE-Mb50 
010@    $acze 
011@    $a2014 
021A    $aOkolí Prahy $hVratislav Košťál, Renata Košťálová. Foto Vratislav Košťál 
028C    $#Košťál, V. $71024089126 $8Košťál, Vratislav$Z1975- [Tp3] $9305257889 
028C/01 $7 $8Košťálová, Renata [Tnu] $9339475110 
032@    $aVyd. 1. 
033A    $pBrno $nBarrister & Principal 
034D    $a223 S. 
034M    $azahlr. Ill., Kt. 
036C    $aHistorická sídla Středočeského kraje $x16 $hVratislav Košt'ál ; Renata Košt'álová. Foto: Vratislav Košt'ál $l6 
036D    $x16 $8Historická sídla Středočeského kraje / Vratislav Košt'ál ; Renata Košt'álová. Foto: Vratislav Košt'ál $931652056X 
044K    $74425225-0 $8Prag$zRegion [Tg1] $9088680274 
045F    $a709.4371 $eDDC23BSB 
045F/01 $a709 
045F/03 $g4371 

lok: 35498934 24
101B    $016-02-15 $t14:01:17.000 
101C    $016-02-15 
101U    $0utf8 
145Z/01 $a23 9 D 
145Z/02 $a23 8 P 351 
145Z/03 $a23 8 P 301 

exp: 35498934 24 1 #EPN
201B/01 $016-02-15 $t14:01:17.000 
201C/01 $016-02-15 
201U/01 $0utf8 
203@/01 $0750078103 
208@/01 $a16-02-15 $bz 
209A/01 $a15.00154 $du $f050 $h15 00154 $x00 
209C/01 $a15.00154 K $h15 00154 K 
209G/01 $a73591880 $x00 
220C/01 $akon 
247C/01 $8358050-7 Marburg, Bibliothek des Herder-Instituts Marburg $9102600961 

lok: 35498934 78

exp: 35498934 78 1 #EPN
201B/01 $007-03-24 $t10:42:31.000 
201C/01 $007-03-24 
201U/01 $0utf8 
203@/01 $0125729900X 
208@/01 $a07-03-24 $be 
209A/01 $a/ $f000 $x00 
209A/01 $ab*p $x01 
220C/01 $apgar 
244Z/01 $#Böhmische Kronländer $#Länder der Böhmischen Krone $#Sudetenland $#Böhmen $#Mähren $#Mährisch-Schlesien $#Österreichisch-Schlesien $#Tschechische Sozialistische Republik Böhmische Länder $#Tschechei Böhmische Länder $#Země koruny české $74069573-6 $8--Tg1--Böhmische Länder $x03 $9085195553 
247C/01 $82080>Marburg/Lahn, Herder-Institut, Forschungsbibliothek, Bibliographieportal $9336309341
LEADER 00000cam a2200000 cc4500
001 354989340
003 DE-603
005 20240307104359.0
007 tu
008 150216s2014 xx |||| | u00||u|cze c
020 |a 9788074850332 
035 |a (DE-599)HEB354989340 
035 |a (OCoLC)903487570 
040 |a DE-603  |b ger  |c DE-603  |d DE-603 
041 |a cze 
082 0 4 |8 1\u  |a 709.4371  |q DE-101  |2 23/BSB 
085 |8 1\u  |b 709 
085 |8 1\u  |z 2  |s 4371 
245 0 0 |a Historická sídla Středočeského kraje  |n 6  |p Okolí Prahy / Vratislav Košťál, Renata Košťálová. Foto Vratislav Košťál  |c Vratislav Košt'ál ; Renata Košt'álová. Foto: Vratislav Košt'ál 
250 |a Vyd. 1. 
264 1 |a Brno  |b Barrister & Principal  |c 2014 
300 |a 223 S.  |b zahlr. Ill., Kt. 
651 7 |a Prag  |0 (DE-588)4425225-0  |0 (DE-603)088680274  |2 gnd 
700 1 |a Košťál, Vratislav  |d 1975-  |0 (DE-603)305257889  |0 (DE-588)1024089126  |2 gnd 
700 1 |a Košťálová, Renata  |0 (DE-603)339475110 
773 0 8 |q 16  |w (DE-603)31652056X 
856 4 2 |m V:DE-603;B:DE-Mb50  |q application/pdf  |u http://scans.hebis.de/HEBCGI/show.pl?35498934_toc.pdf  |3 Inhaltsverzeichnis 
924 0 |9 Mb 50  |a (DE-603)750078103  |b DE-Mb50  |c HES  |d c  |g 15.00154 
924 0 |9 2080  |a (DE-603)125729900X  |b DE-2080  |c HES  |d d  |g /